000 00296nam a2200145Ia 4500
100 _aGottfried /Byron S.
250 _a3
942 _cBK
654 _abasic
245 _aProgramming with basic
260 _bMc Graw Hill
_aBombay
_c1986
300 _a386
546 _aENGLISH
999 _c32191
_d32191